Essential Fashion Illustration : Color and Medium /

More than 250 illustrations illustrate the significance and creative use of color in fashion illustration From the first rough sketch pursuing the development of an idea into fabric choice and draping style, fashion design is an exercise in imagination and problem solving.

Bibliographic Details
Main Author: Vilaseca, Estel (Author)
Corporate Author: Safari, an O'Reilly Media Company
Format: eBook
Language:English
Published: Rockport Publishers, 2008.
Edition:1st edition.
Subjects:
Online Access:Connect to this electronic resource

MARC

Tag First Indicator Second Indicator Subfields
LEADER 00000cam a2200000 a 4500
001 in00004132001
005 20260123203757.3
006 m o d
007 cr cn
008 160813s2008 xx o eng
020 |z 9781610601429 
020 |z 9781592534302 
035 |a (CaSebORM)9781592534302 
040 |d UtOrBLW 
041 0 |a eng 
100 1 |a Vilaseca, Estel,  |e author.  |0 http://id.loc.gov/authorities/names/no2008046602 
245 1 0 |a Essential Fashion Illustration :  |b Color and Medium /  |c Vilaseca, Estel. 
250 |a 1st edition. 
264 1 |b Rockport Publishers,  |c 2008. 
300 |a 1 online resource (192 pages) 
336 |a text  |b txt  |2 rdacontent 
337 |a computer  |b c  |2 rdamedia 
338 |a online resource  |b cr  |2 rdacarrier 
347 |a text file 
520 |a More than 250 illustrations illustrate the significance and creative use of color in fashion illustration From the first rough sketch pursuing the development of an idea into fabric choice and draping style, fashion design is an exercise in imagination and problem solving. 
533 |a Electronic reproduction.  |b Boston, MA :  |c Safari,  |n Available via World Wide Web.  |d 2008. 
538 |a Mode of access: World Wide Web. 
542 |f Copyright © Rockport Publishers  |g 2008 
588 |a Online resource; Title from title page (viewed October 15, 2008) 
500 |a Electronic resource. 
655 7 |a Electronic books.  |2 local 
710 2 |a Safari, an O'Reilly Media Company. 
856 4 0 |u https://proxy.library.tamu.edu/login?url=https://go.oreilly.com/TAMU/library/view/-/9781592534302/?ar  |z Connect to this electronic resource  |t 0 
999 f f |s 95659208-f4dc-36a7-993c-293a473860dc  |i 4e8258b6-ad53-3f7f-9d2b-2c81590d6a0e  |t 0 
952 f f |a Texas A&M University  |b College Station  |c Electronic Resources  |s www_evans  |d Available Online  |t 0  |h No information provided 
998 f f |t 0  |l Available Online